000 01193cam a2200313 a 4500
001 000014597
005 20200929163855.0
008 030811s2003 pr ac b 001 0 spa d
020 _a1567589618
040 _aDO-SdBNP
_cDLC
_dBNPHU
042 _apcc
043 _anwpr---
082 _a972.953058
_bR364s
100 1 _aReina Pérez, Pedro A.
_933048
245 1 3 _aLa semilla que sembramos :
_bautobiografía del proyecto nacional /
_cPedro A. Reina Pérez ; prólogo Rosa Guzmán Merced ; editor Francisco M. Vázquez.
260 _aSan Juan, Puerto Rico :
_bCentro de Estudios Avanzados de Puerto Rico y El Caribe,
_bCultural,
_c2003.
300 _a176 p. :
_bil. ;
_c23 cm.
490 1 _aAmbos mundos
500 _aEntrevista de Pedro A. Reina Pérez y Ricardo Alegría Gallardo.
504 _aIncluye bibliografía e índice.
651 4 _aPuerto Rico
_xCaracterísticas Nacionales
_933049
650 4 _aHistoriadores
_zPuerto Rico
_933050
700 1 _aAlegria, Ricardo E.
_916236
700 1 _aGuzmán Merced, Rosa
_epról.
_933051
700 1 _aVázquez, Francisco M.
_eed.
_921762
830 0 _aAmbos mundos
_919310
910 _aCatalogación por copia / LC
049 _aBNGR
999 _c14183
_d14183